000 00854cab a2200217 4500
001 ABS52391
008 090401t1995 xxu||||| |||| 00| 0 eng d
035 _a(Sirsi) u75722
041 _aeng
100 _aNoble, A.
245 _aInsisting on arbitration - but be cautious!
260 _c1995
350 _a0
490 _aCivil Engineering Surveyor
_v20(2) March 1995, 12(1)
520 _aA statement of the law on the referral of disputes to arbitration rather than litigation, if such provision has been agreed in the contract, and on the subsequent enforcement of such action. Warns of potential difficulties.
650 _aARBITRATION ACT 1950 S4
650 _aCONSTRUCTION DISPUTES
690 _aMANAGEMENT-DISPUTE AVOIDANCE, MANAGEMENT AND RESOLUTION-DISPUTE MANAGEMENT AND RESOLUTION-ARBITRATION
942 _n0
948 _c04/03/1997
999 _c47628
_d47628